Создание Томской группы и студенческого отделения Института инженеров по электротехнике и радиоэлектронике; Инженерное образование; № 2

Dettagli Bibliografici
Parent link:Инженерное образование: электронный научный журнал/ Ассоциация инженерного образования России (АИОР).— : [Б. и.], 2003-.— 1810-2883
№ 2.— 2004.— [С. 180-183]
Autore principale: Стукач О. В. Олег Владимирович
Riassunto:Заглавие с титульного листа
Рассмотрена проблема повышения качества инженерного образования в области радиоэлектроники путем сотрудничества ученых и студентов с Институтом IEEE. Показано, что членство в международных обществах необходимо специалистам для эффективного информационного обмена, привлечения средств международных фондов в образовательную деятельность и наиболее полного раскрытия творческого потенциала студентов и сотрудников вузов.
The paper deals with the issue of improvement of engineering education quality in radio electronics by means of cooperation of scientists and students with Electrical Engineering and Electronics Institute. It has been shown that membership in international societies is necessary for specialists since it facilitates efficient information exchange, attracts international funds into educational activity and most fully reveals the creative potential of university students and staff.
Lingua:russo
Pubblicazione: 2004
Serie:Опыт инновационной деятельности российских университетов
Soggetti:
Accesso online:https://old.aeer.ru/files/io/m2/st27.pdf
Natura: MixedMaterials Elettronico Capitolo di libro
KOHA link:https://koha.lib.tpu.ru/cgi-bin/koha/opac-detail.pl?biblionumber=506372

MARC

LEADER 00000naa2a2200000 4500
001 506372
005 20250520152630.0
035 |a (RuTPU)RU\TPU\prd\177281 
035 |a RU\TPU\prd\177280 
090 |a 506372 
100 |a 20130513d2004 k y0rusy50 ca 
101 0 |a rus 
102 |a RU 
135 |a drnn ---uucaa 
181 0 |a i  
182 0 |a b 
200 1 |a Создание Томской группы и студенческого отделения Института инженеров по электротехнике и радиоэлектронике  |b Электронный ресурс  |f О. В. Стукач 
203 |a Текст  |c электронный 
215 |a 1 файл (110 Кб) 
225 1 |a Опыт инновационной деятельности российских университетов 
230 |a Электронные текстовые данные (1 файл : 110 Кб) 
300 |a Заглавие с титульного листа 
320 |a [Библиогр.: с. 183 (5 назв.)] 
330 |a Рассмотрена проблема повышения качества инженерного образования в области радиоэлектроники путем сотрудничества ученых и студентов с Институтом IEEE. Показано, что членство в международных обществах необходимо специалистам для эффективного информационного обмена, привлечения средств международных фондов в образовательную деятельность и наиболее полного раскрытия творческого потенциала студентов и сотрудников вузов. 
330 |a The paper deals with the issue of improvement of engineering education quality in radio electronics by means of cooperation of scientists and students with Electrical Engineering and Electronics Institute. It has been shown that membership in international societies is necessary for specialists since it facilitates efficient information exchange, attracts international funds into educational activity and most fully reveals the creative potential of university students and staff. 
337 |a Adobe Reader 
461 1 |0 (RuTPU)RU\TPU\prd\176632  |x 1810-2883  |t Инженерное образование  |o электронный научный журнал  |f Ассоциация инженерного образования России (АИОР)  |n [Б. и.]  |d 2003- 
463 1 |0 (RuTPU)RU\TPU\prd\177140  |t № 2  |v [С. 180-183]  |d 2004 
610 1 |a инженерное образование 
610 1 |a IEEE 
610 1 |a институты 
610 1 |a международное сотрудничество 
610 1 |a студенты 
610 1 |a томские группы 
610 1 |a студенческое членство 
610 1 |a международные фонды 
610 1 |a образовательная деятельность 
610 1 |a труды учёных ТПУ 
610 1 |a электронный ресурс 
700 1 |a Стукач  |b О. В.  |c специалист в области компьютерных измерительных систем  |c доцент Томского политехнического университета, кандидат технических наук  |f 1966-  |g Олег Владимирович  |2 stltpush  |3 (RuTPU)RU\TPU\pers\28991 
801 1 |a RU  |b 63413507  |c 20090623  |g PSBO 
801 2 |a RU  |b 63413507  |c 20130513  |g PSBO 
856 4 |u https://old.aeer.ru/files/io/m2/st27.pdf 
942 |c BK